000 00772nam a2200241 i 4500
001 186323
003 SpMaBN
005 20240602063027.0
008 161024s1975 sp |||| |dspa d
080 _a821.133.1-14"18"
100 1 _aLaforgue, Jules.
_969518
245 1 0 _aAntología poética /
_cJules Laforgue ; traducción y prólogo de Patricio Bulnes.
250 _aEd. bilingüe.
260 _aMadrid :
_bEditora Nacional,
_c[1975]
300 _a267 p. ;
_c18 cm.
490 1 _aAlfar. Colección de Poesía ;
_v8
546 _aTexto en español y francés.
700 1 _aBulnes, Patricio.
_9161108
830 0 0 _aAlfar ;
_v8
_9236764
852 _aES-MaACL
_jL-30682
_z. - Donat. Miguel A. Velasco
942 _2udc
999 _c186323
_d186323